Das europäische Mittelalter in Dichtung, Kunst und Wissenschaft (Record no. 40268)

MARC details
000 -LEADER
campo de control de longitud fija 00765nam a2200193 i 4500
001 - NÚMERO DE CONTROL
campo de control 40268
003 - IDENTIFICADOR DE NÚMERO DE CONTROL
campo de control ES-MaACL
005 - FECHA Y HORA DE LA ÚLTIMA TRANSACCIÓN
campo de control 20230906160158.0
007 - CAMPO FIJO DE DESCRIPCIÓN FÍSICA--INFORMACIÓN GENERAL
campo de control de longitud fija t|
008 - DATOS DE LONGITUD FIJA--INFORMACIÓN GENERAL
campo de control de longitud fija 030305s1872 ddr ||||1| ger d
100 1# - ENTRADA PRINCIPAL--NOMBRE DE PERSONA
Nombre de persona Carriere, Moriz.
9 (RLIN) 35744
245 14 - MENCIÓN DEL TÍTULO
Título Das europäische Mittelalter in Dichtung, Kunst und Wissenschaft
Resto del título : ein Beitrag zur Geschichte des menschlichen Geistes /
Mención de responsabilidad, etc. von Moriz Carriere.
260 ## - PUBLICACIÓN, DISTRIBUCIÓN, ETC.
Lugar de publicación, distribución, etc. Leipzig :
Nombre del editor, distribuidor, etc. Brockhaus,
Fecha de publicación, distribución, etc. 1872.
300 ## - DESCRIPCIÓN FÍSICA
Extensión XIII, 544 p. ;
Dimensiones 23 cm.
490 1# - MENCIÓN DE SERIE
Mención de serie Die Kunst im Zusammenhang der Culturentwickelung und die Ideale der Menschheit ;
Designación de volumen o secuencia 3
830 0# - PUNTO DE ACCESO ADICIONAL DE SERIE-TÍTULO UNIFORME
Título uniforme Die Kunst im Zusammenhang der Culturentwickelung und die Ideale der Menschheit ;
Designación de volumen o secuencia 3
9 (RLIN) 181846
852 ## - LOCALIZACIÓN
Ubicación ES-MaACL
Número de control de estantería Z-206
Encuadernación Olim: G-2602
Holdings
Estatus retirado Estado de pérdida Estado de daño No para préstamo Colección Biblioteca de origen Biblioteca actual Ubicación en estantería Fecha de adquisición Fuente de adquisición Total de préstamos Signatura topográfica completa Código de barras Visto por última vez Precio de reemplazo Tipo de ítem Koha
        Libros del s. XIX Biblioteca del Ateneo de Madrid Biblioteca del Ateneo de Madrid Depósito Z 17/01/2008     Z-206 1042394 23/02/2023 23/02/2023 Libro impreso antiguo